000
00235 a2200097 4500
001
19793
100
_a
Beer, F P
245
_a
Vector mechanics for Engineers ( 3floppies)
260
_a
Boston
_b
McGraw-Hill
_c
1997
090
_c
14418
_d
14418
942
_a
NUST-CAE
_c
M
_c
4912
999
_c
254866
_d
254866